| 000 | 00748nas a2200241 4500 | ||
|---|---|---|---|
| 001 | BR9203318 | ||
| 003 | BR-BrBNA | ||
| 005 | 20231205092629.0 | ||
| 007 | ta | ||
| 008 | 230509b bl.|||p| |||| 00| 00por d | ||
| 040 |
_aBR-BrBNA _bpor _cBiblioteca Nacional de Agricultura |
||
| 041 | _a(Pt) | ||
| 072 | _aF04 | ||
| 100 | 1 | _aGandolfi, V.H. | |
| 100 | 1 | _aVilhordo, B.W. | |
| 100 | 1 | _aSalgado, V. | |
| 245 | 1 | _aAvaliacao de cultivares de feijao (Phaseolus vulgaris L.)quanto a tolerancia ao aluminio trocavel do solo | |
| 650 | _aFEIJAO | ||
| 650 | _aALUMINIO | ||
| 773 | 0 |
_tAgronomia Sulriograndense (Brazil) _xISSN 0400-8111 _g(Jan 1988), v. 24(1) p. 121-136 _wBR9203318 |
|
| 909 |
_a202311 _bLúcia _c55 _dLúcia Elande |
||
| 942 |
_2AGRIS _n0 _cANA |
||
| 999 |
_c132998 _d132998 |
||